000 00733nam a2200289Ia 4500
005 20260324115409.0
008 008 260324s9999 xx 000 0 eng d
020 _a9780429467394
037 _aEBOOK
040 _aCRL
040 _beng
040 _cCRL
041 _2eng
041 _aeng
084 _qCRL
100 _aPhillip A. Laplante
_91154468
245 0 _aTechnical Writing
245 2 _bA Practical Guide for Engineers, Scientists, and Nontechnical Professionals, Second Edition
260 _bTaylor and Francis
260 _c2018
365 _a
365 _b320
856 _uhttp://www.taylorfrancis.com/books/9780429467394
942 _cEBOOK
999 _c1745361
_d1745361